000
00346 a2200157 4500
001
74924
020
_a
8576661713
040
_c
Anchieta - Colégio São Paulo
100
_a
Campos, Carmem Lucia
240
1
0
_a
É meu! É meu
_l
por
245
1
0
_a
É meu! É meu
300
_a
24
362
0
_a
2005
650
4
_a
Literatura infantil
942
_c
BK
999
_c
74924
_d
74924